=LDR 00000nam 2200000 4500 =001 INLIS000000000033950 =005 20130612135857 =008 ***********************************ind** =035 ##$$a0010-061300000033950 =041 ##$$a ind =082 ##$$a 535 =090 ##$$a 535, muh t =100 ##$$a Muhaimin, Mt =245 ##$$a Teknologi pencahayaan, Muhaimin, Mt;Editor, Aep Gunarsa =260 ##$$a 2001 $b Jakarta =300 ##$$a viii,207 hlm, Ilus, 23 cm =650 ##$$a Cahaya =700 ##$$a Gunarsa, Aep =850 ##$$a NBPNMAT =990 ##$$a 0001/BPAP-NTB/20142014